[Event "FIDE World Rapid Team"]
[Site "Almaty KAZ"]
[Date "2024.08.04"]
[Round "9.36"]
[White "Amangaliyev, Dauletkhan"]
[Black "Yessengali, Alikhan"]
[Result "1-0"]
[WhiteElo "1531"]
[BlackElo "1529"]
[WhiteTeam "Abai's Gambit Pioneers"]
[BlackTeam "Chess Dream"]
[WhiteFideId "447022361"]
[BlackFideId "447015020"]
[EventDate "2024.08.02"]

1. e4 Nf6 2. e5 Nd5 3. d4 d6 4. Nf3 Nc6 5. exd6 cxd6 6. Bd3 g6 7. O-O Bg7 8. c3
O-O 9. Re1 Bg4 10. h3 Bxf3 11. Qxf3 e6 12. Nd2 Nf6 13. Nf1 d5 14. g4 e5 15. dxe5
Nd7 16. Qxd5 Ndxe5 17. Be4 Qh4 18. Kg2 Rad8 19. Qb3 Nd3 20. Bxd3 Rxd3 21. Re3
Rxe3 22. Bxe3 Qe7 23. Rd1 Qe4+ 24. Kg1 Ne5 25. Ng3 Nf3+ 26. Kf1 Nh2+ 27. Kg1
Nf3+ 28. Kf1 Qc6 29. Qd5 Qa6+ 30. Kg2 Ne5 31. Bd4 Re8 32. Re1 Qe6 33. Qxb7 Qd6
34. f4 1-0

[Event "FIDE World Rapid Team"]
[Site "Almaty KAZ"]
[Date "2024.08.04"]
[Round "9.37"]
[White "Tuleyeva-Aketayeva, Dana"]
[Black "Balguzhinov, Bakhyt"]
[Result "0-1"]
[WhiteTitle "WIM"]
[WhiteElo "2130"]
[BlackElo "2155"]
[WhiteTeam "Abai Chess Team"]
[BlackTeam "Chessacademy_pvl"]
[WhiteFideId "13701932"]
[BlackFideId "13703854"]
[EventDate "2024.08.02"]

1. e4 Nf6 2. Nc3 e5 3. Nf3 d6 4. Bc4 Be7 5. O-O O-O 6. h3 c6 7. d4 Nbd7 8. a4 a5
9. Re1 Qc7 10. Bf1 Re8 11. Bg5 Nf8 12. d5 h6 13. Be3 Bd7 14. Qd3 Ng6 15. Rad1
Rec8 16. Qd2 Bf8 17. Bc4 cxd5 18. Bxd5 Nxd5 19. Nxd5 Qxc2 20. Nb6 Bxa4 21. Nxa8
Rxa8 22. Rc1 Qxe4 23. Bxh6 Qf5 24. Be3 Bc6 25. Qe2 d5 26. Bc5 f6 27. Bxf8 Rxf8
28. Qc2 Qh5 29. Nh2 Nf4 30. Ra1 d4 31. f3 a4 32. Qc4+ Kh8 33. Ng4 Qh4 34. Kh2
Bxf3 35. Qf1 Bxg2 36. Qf2 Qxh3+ 0-1

[Event "FIDE World Rapid Team"]
[Site "Almaty KAZ"]
[Date "2024.08.04"]
[Round "9.38"]
[White "Prokoptsov, Mikhail"]
[Black "Akylbek, Zhaksylyk"]
[Result "0-1"]
[WhiteElo "1702"]
[BlackElo "1662"]
[WhiteTeam "Chessacademy_pvl"]
[BlackTeam "Abai Chess Team"]
[WhiteFideId "447005122"]
[BlackFideId "13725980"]
[EventDate "2024.08.02"]

1. e4 c6 2. d4 d5 3. exd5 cxd5 4. Bd3 Nc6 5. c3 Nf6 6. Nf3 Bg4 7. O-O e6 8. h3
Bh5 9. Re1 Bd6 10. Bg5 h6 11. Bh4 g5 12. Bg3 Bxg3 13. fxg3 g4 14. Ne5 gxh3 15.
g4 Nxe5 16. gxh5 Nxd3 17. Qxd3 hxg2 18. Qf3 Ne4 19. Re2 Qh4 20. Rxg2 Qe1+ 21.
Qf1 Qe3+ 22. Kh2 Ke7 23. Na3 Rag8 24. Nc2 Rxg2+ 25. Qxg2 Qf4+ 26. Kg1 Kf8 27.
Rf1 Qh4 28. Qg6 Nd6 29. Ne3 Rg8 30. Ng2 Rxg6 31. hxg6 Qg3 32. gxf7 Nf5 33. Kh1
Ne3 34. Nxe3 Qh3+ 35. Kg1 Qxe3+ 36. Rf2 h5 37. a3 h4 38. Kf1 h3 39. Rh2 Qg3 40.
Rf2 h2 41. Ke2 h1=Q 42. Rf6 Qe4+ 43. Kd2 Qgg2+ 44. Rf2 Qxf2+ 45. Kc1 Qec2# 0-1

[Event "FIDE World Rapid Team"]
[Site "Almaty KAZ"]
[Date "2024.08.04"]
[Round "9.39"]
[White "Abuzyarov, Arlan"]
[Black "Derksen, Vadim"]
[Result "1/2-1/2"]
[WhiteElo "1851"]
[BlackElo "1735"]
[WhiteTeam "Abai Chess Team"]
[BlackTeam "Chessacademy_pvl"]
[WhiteFideId "13726820"]
[BlackFideId "13737244"]
[EventDate "2024.08.02"]

1. d4 Nf6 2. Nf3 e6 3. g3 c5 4. Bg2 d5 5. O-O Nc6 6. b3 Be7 7. Bb2 O-O 8. Nbd2
b6 9. c4 Bb7 10. cxd5 Nxd5 11. dxc5 Bxc5 12. Rc1 Rc8 13. Ne4 Be7 14. Qd2 Nf6 15.
Nxf6+ Bxf6 16. Bxf6 Qxf6 17. Qd7 Ba8 18. Qd3 Bb7 19. Rfd1 Rfd8 20. Qb5 Qe7 21.
Qh5 Rxd1+ 22. Rxd1 Rd8 23. Rc1 Rd5 24. Qg4 Rd8 25. Qa4 Qd6 26. h4 h6 27. a3 a6
28. b4 b5 29. Qb3 Ne7 30. Qc2 Rc8 31. Qb2 Rxc1+ 32. Qxc1 Qc6 33. Qd2 Qd5 34.
Qxd5 Bxd5 35. Ne5 Bxg2 36. Kxg2 Nd5 37. Nd7 Nc3 38. Nc5 Nb1 39. Nxa6 Nxa3 40.
Kf3 Kf8 41. Ke3 Ke7 42. Kd3 Kd6 43. Nc5 Nc4 44. Ne4+ Kc6 45. f4 f6 46. h5 1/2-1/2

[Event "FIDE World Rapid Team"]
[Site "Almaty KAZ"]
[Date "2024.08.04"]
[Round "9.40"]
[White "Ivlev, Andrey"]
[Black "Matymov, Madi"]
[Result "0-1"]
[WhiteElo "1578"]
[BlackElo "1824"]
[WhiteTeam "Chessacademy_pvl"]
[BlackTeam "Abai Chess Team"]
[WhiteFideId "13747991"]
[BlackFideId "13721283"]
[EventDate "2024.08.02"]

1. d4 d5 2. c4 c6 3. Nc3 Nf6 4. Nf3 Nbd7 5. e3 e6 6. Be2 Bd6 7. O-O O-O 8. Qc2
e5 9. dxe5 Nxe5 10. cxd5 cxd5 11. h3 Be6 12. Rd1 Rc8 13. Qa4 a6 14. Qh4 Nxf3+
15. Bxf3 Be5 16. Bd2 b5 17. Qg5 Bh2+ 18. Kh1 Bd6 19. Nxd5 Bxd5 20. Bxd5 Rc5 21.
Bc3 h6 22. Bxf6 hxg5 23. Bxd8 Rxd8 24. Bf3 Rc2 25. Rab1 Rxf2 26. Bb7 a5 27. Rd5
b4 28. Rbd1 Rxb2 29. Rxd6 Rxd6 30. Rxd6 Rxa2 31. Rd8+ Kh7 32. Rd3 a4 33. Bd5 b3
34. Rd1 Kg6 35. g4 Kf6 36. Rf1+ Ke5 37. Bxf7 Ke4 38. Rb1 Kf3 39. Bd5+ Kg3 0-1

[Event "FIDE World Rapid Team"]
[Site "Almaty KAZ"]
[Date "2024.08.04"]
[Round "9.41"]
[White "Demezhanov, Tuleubek"]
[Black "Semenov, Miroslav"]
[Result "0-1"]
[WhiteElo "1776"]
[BlackElo "1512"]
[WhiteTeam "Abai Chess Team"]
[BlackTeam "Chessacademy_pvl"]
[WhiteFideId "13707272"]
[BlackFideId "447010525"]
[EventDate "2024.08.02"]

1. e4 d5 2. e5 c5 3. c3 Nc6 4. d4 e6 5. Nf3 Qb6 6. a3 Nge7 7. Bd3 cxd4 8. cxd4
Ng6 9. O-O Be7 10. Nc3 Bd7 11. Bc2 Rc8 12. Qd3 Na5 13. Bg5 Bxg5 14. b4 Be7 15.
bxa5 Qc7 16. Ba4 Qxc3 17. Bxd7+ Kxd7 18. Qb5+ Qc6 19. Qb2 Qa6 20. Rab1 Rc7 21.
g3 Rhc8 22. h4 Qxa5 23. h5 Nf8 24. Qe2 a6 25. Qe3 h6 26. Qf4 Ke8 27. Qg4 Qxa3
28. Kg2 Qd3 29. Qxg7 Qh7 30. Qg4 Qf5 31. Qg7 Qxh5 32. Rh1 Qg6 33. Qxh6 Qxh6 34.
Rxh6 b5 35. Ra1 Ra7 36. Kf1 0-1

[Event "FIDE World Rapid Team"]
[Site "Almaty KAZ"]
[Date "2024.08.04"]
[Round "9.42"]
[White "Sembay, Aisana"]
[Black "Akylbek, Eskendir"]
[Result "0-1"]
[WhiteElo "1527"]
[BlackElo "1603"]
[WhiteTeam "Chessacademy_pvl"]
[BlackTeam "Abai Chess Team"]
[WhiteFideId "13791281"]
[BlackFideId "13747860"]
[EventDate "2024.08.02"]

1. e4 c6 2. d4 d5 3. Nc3 Nf6 4. e5 Nfd7 5. Nf3 e6 6. Be3 a6 7. a4 c5 8. dxc5
Bxc5 9. Bxc5 Nxc5 10. Bd3 Nc6 11. b3 Qc7 12. Qe2 Nb4 13. Rc1 Nbxd3+ 14. cxd3
Nxb3 15. Rc2 Qe7 16. O-O O-O 17. Rb1 Na5 18. d4 Nc4 19. Rbc1 Bd7 20. Nd2 Rfc8
21. Qe1 b5 22. axb5 axb5 23. Nxc4 Rxc4 24. Ne2 h6 25. Qd2 Rac8 26. h3 Bc6 27.
Qa5 Qb7 28. Qa2 Qb6 29. Qb2 Bb7 30. Kh1 Qc6 31. Rxc4 dxc4 32. f3 Rb8 33. Qb4 Qd7
34. Rb1 Bc6 35. Kg1 Ra8 36. Kh1 Ra4 37. Qc3 Ra2 38. Nc1 Ra4 39. Ne2 Qd5 40. Nf4
Qd7 41. Ne2 Qa7 42. Qd2 Ra2 43. Qe1 Rc2 44. Rc1 Rxc1 45. Qxc1 Bd5 46. Qb2 Qa5
47. Nc3 b4 48. Nxd5 exd5 49. f4 Qa3 50. Qc2 b3 51. Qc3 Qa2 52. Qb4 b2 53. Qb8+
Kh7 0-1

[Event "FIDE World Rapid Team"]
[Site "Almaty KAZ"]
[Date "2024.08.04"]
[Round "9.43"]
[White "Tulegenov, Amir"]
[Black "Malyi, Viacheslav"]
[Result "1-0"]
[BlackTitle "FM"]
[WhiteElo "1858"]
[BlackElo "2391"]
[WhiteTeam "Baiterekchess"]
[BlackTeam "KRG-Team"]
[WhiteFideId "13742167"]
[BlackFideId "14123983"]
[EventDate "2024.08.02"]

1. e4 c5 2. Nf3 d6 3. Bb5+ Bd7 4. Bxd7+ Qxd7 5. O-O Nc6 6. c3 Nf6 7. Qe2 e6 8.
d4 cxd4 9. cxd4 d5 10. e5 Ne4 11. Nbd2 Nxd2 12. Bxd2 Be7 13. g3 O-O 14. Kg2 Rfc8
15. h4 Bb4 16. Be3 Na5 17. h5 a6 18. h6 g6 19. Bg5 Qb5 20. Qe3 Rc2 21. a3 Bf8
22. b4 Re2 23. Qf4 Nb3 24. Rae1 Rc8 25. Nh2 Rxe1 26. Rxe1 Qc4 27. Ng4 Qxd4 28.
Qf3 Rc3 29. Be3 Qd3 30. Nf6+ Kh8 31. Nxh7 Bxh6 32. Qf6+ Kxh7 33. Qxf7+ Kh8 34.
Bxh6 1-0

[Event "FIDE World Rapid Team"]
[Site "Almaty KAZ"]
[Date "2024.08.04"]
[Round "9.45"]
[White "Omarbek, Adlet"]
[Black "Kozhabekov, Adilkhan"]
[Result "1-0"]
[WhiteElo "1713"]
[BlackElo "1855"]
[WhiteTeam "Baiterekchess"]
[BlackTeam "KRG-Team"]
[WhiteFideId "13779842"]
[BlackFideId "13702858"]
[EventDate "2024.08.02"]

1. e4 c5 2. Nf3 d6 3. Bb5+ Nc6 4. O-O e5 5. Re1 Nf6 6. c3 Be7 7. d4 Bd7 8. d5
Nb8 9. Bxd7+ Nbxd7 10. c4 O-O 11. Bg5 Nb6 12. Qc1 a6 13. Bxf6 Bxf6 14. Nbd2 g6
15. Nf1 Bg7 16. b3 f5 17. Ng5 Bh6 18. Ne6 Qh4 19. Qc2 Rf6 20. a3 Rc8 21. Rad1 f4
22. f3 g5 23. Qf2 Qh5 24. h3 Qg6 25. Nh2 Bf8 1-0

[Event "FIDE World Rapid Team"]
[Site "Almaty KAZ"]
[Date "2024.08.04"]
[Round "9.46"]
[White "Kulyshov, Sain"]
[Black "Shakhman, Asanali"]
[Result "0-1"]
[WhiteElo "1835"]
[BlackElo "1537"]
[WhiteTeam "KRG-Team"]
[BlackTeam "Baiterekchess"]
[WhiteFideId "13711717"]
[BlackFideId "447018860"]
[EventDate "2024.08.02"]

1. e4 c6 2. d4 d5 3. exd5 cxd5 4. c4 Nf6 5. Nf3 Bg4 6. Nc3 e6 7. c5 Nc6 8. Bb5
Bxf3 9. Qxf3 Be7 10. O-O O-O 11. Bxc6 bxc6 12. Bf4 Nd7 13. Rae1 e5 14. dxe5 Bxc5
15. Qg3 Re8 16. Bh6 Bf8 17. f4 Kh8 18. Bg5 Be7 19. Kh1 Bxg5 20. fxg5 Qe7 21. e6
fxe6 22. g6 Rf8 23. gxh7 Rxf1+ 24. Rxf1 Rf8 25. Rxf8+ Qxf8 26. h4 e5 27. Qg6
Qf1+ 28. Kh2 Qf4+ 29. Kh3 Nf6 30. Ne2 Qe4 31. Qxe4 Nxe4 32. Kg4 Nd6 33. Nc3 Kxh7
34. Na4 d4 35. Nc5 Kg6 36. Kf3 Kf5 37. g4+ Kg6 38. a4 Kf6 39. a5 Nc4 40. b4 Nd6
41. a6 g6 42. Nd7+ Ke6 43. Nf8+ Kf7 44. Nd7 e4+ 45. Kf4 d3 46. Ke3 Nc4+ 47. Kf2
e3+ 48. Ke1 0-1

[Event "FIDE World Rapid Team"]
[Site "Almaty KAZ"]
[Date "2024.08.04"]
[Round "9.47"]
[White "Anvar, Sultan"]
[Black "Savitskiy, Vladimir"]
[Result "0-1"]
[WhiteElo "1529"]
[BlackElo "1893"]
[WhiteTeam "Baiterekchess"]
[BlackTeam "KRG-Team"]
[WhiteFideId "13783815"]
[BlackFideId "13739999"]
[EventDate "2024.08.02"]

1. e4 c5 2. d4 cxd4 3. Qxd4 Nc6 4. Qd3 Nf6 5. Nc3 d6 6. Nf3 e6 7. Be2 Be7 8. O-O
O-O 9. Rd1 a6 10. Be3 b5 11. a3 Bb7 12. Bf4 Qb6 13. Qe3 Qxe3 14. Bxe3 b4 15.
axb4 Nxb4 16. Bd3 Rac8 17. Nd4 Nd7 18. Nb3 Bf6 19. Na4 Nxc2 20. Bxc2 Rxc2 21.
Nd4 Rcc8 22. f3 Ne5 23. Nb6 Rc7 24. Rac1 Bd8 25. Nb3 Rxc1 26. Rxc1 Nd3 27. Rc2
f5 28. exf5 Rxf5 29. Rd2 Bxb6 30. Bxb6 Rb5 31. Na5 Bd5 32. Bd4 Nc5 33. Bc3 Na4
34. Rxd5 Rxd5 35. Be1 Nxb2 36. Nb7 Rd1 37. Kf1 Nd3 0-1

[Event "FIDE World Rapid Team"]
[Site "Almaty KAZ"]
[Date "2024.08.04"]
[Round "9.48"]
[White "Kazhiakhmetova, Yerkenaz"]
[Black "Zhankarayeva, Zhansaya"]
[Result "1-0"]
[WhiteElo "1602"]
[BlackElo "1402"]
[WhiteTeam "KRG-Team"]
[BlackTeam "Baiterekchess"]
[WhiteFideId "13777610"]
[BlackFideId "13781804"]
[EventDate "2024.08.02"]

1. d4 d5 2. Nf3 Nf6 3. g3 e6 4. Bg2 c5 5. O-O Nc6 6. c4 dxc4 7. dxc5 Qxd1 8.
Rxd1 Bxc5 9. Nbd2 O-O 10. Nxc4 Ne4 11. e3 Nf6 12. b3 Rb8 13. Bb2 Nd5 14. Nfe5
Nxe5 15. Bxe5 Ra8 16. Bxd5 exd5 17. Rxd5 b6 18. Bd6 Rd8 19. Rd2 Be6 20. Bxc5
Bxc4 21. Rxd8+ Rxd8 22. Bxb6 axb6 23. bxc4 Rc8 24. Rc1 b5 25. c5 Kf8 26. Kf1 Ke7
27. Ke2 Ke6 28. e4 Ra8 29. Rc2 Kd7 30. f4 Kc6 31. Kd2 Ra3 32. e5 Rf3 33. Kc1 b4
34. Kb2 Re3 35. Kc1 Rf3 36. Kd1 Rd3+ 37. Ke2 Ra3 38. Kd1 Rd3+ 39. Kc1 Ra3 40.
Kb1 Rf3 41. Rc4 Rf1+ 42. Kb2 Rf2+ 43. Kb3 Rxh2 44. Rxb4 Kxc5 45. Rc4+ Kb6 46.
Rc3 Rh1 47. Kc4 Kc6 48. Kd4+ Kd7 49. Kc5 Ke6 50. a4 Kd7 51. Kb6 Rb1+ 52. Ka6 Rb8
53. Ka5 Ra8+ 54. Kb4 Rb8+ 55. Ka3 Rb1 56. a5 Ra1+ 57. Kb4 Rb1+ 58. Rb3 Rc1 59.
a6 Kc7 60. Ra3 Rb1+ 61. Kc3 Rb8 62. a7 Ra8 63. Kd4 Kc6 64. Kc4 h6 65. Ra6+ Kb7
66. Kb5 Kc7 67. Rc6+ Kb7 68. Rb6+ Kc7 69. Ka6 Kc8 70. Rb1 h5 71. Rc1+ Kd7 72.
Kb7 Rxa7+ 73. Kxa7 Ke6 74. Kb6 f6 75. exf6 Kxf6 76. Rc5 g6 77. Kc6 Ke6 78. Rg5
Kf6 79. Kd6 Kf7 80. Ke5 Kg7 81. f5 Kh6 82. Rxg6+ Kh7 83. Kf6 h4 84. gxh4 Kh8 85.
Kg5 Kh7 86. f6 Kh8 87. f7 Kh7 88. h5 Kh8 89. f8=Q+ Kh7 90. Qg7# 1-0

[Event "FIDE World Rapid Team"]
[Site "Almaty KAZ"]
[Date "2024.08.04"]
[Round "10.1"]
[White "Carlsen, Magnus"]
[Black "Mamedyarov, Shakhriyar"]
[Result "1-0"]
[WhiteTitle "GM"]
[BlackTitle "GM"]
[WhiteElo "2832"]
[BlackElo "2733"]
[WhiteTeam "WR Chess Team"]
[BlackTeam "Kazchess"]
[WhiteFideId "1503014"]
[BlackFideId "13401319"]
[EventDate "2024.08.02"]

1. e4 e5 2. Nf3 Nc6 3. Bb5 a6 4. Ba4 Nf6 5. O-O Nxe4 6. d4 b5 7. Bb3 d5 8. dxe5
Be6 9. Qe2 Nc5 10. Rd1 Nxb3 11. axb3 Be7 12. c4 b4 13. Nbd2 O-O 14. Nf1 Qd7 15.
Bg5 Rfd8 16. cxd5 Bxd5 17. Ne3 Bxf3 18. Qxf3 Qe6 19. Bxe7 Nxe7 20. Qb7 Qxe5 21.
Qxa6 Rxd1+ 22. Rxd1 Rf8 23. Qc4 c5 24. g3 h6 25. Kg2 Qc7 26. h4 Rc8 27. h5 Qc6+
28. Kg1 Qe6 29. Qxe6 fxe6 30. Rd6 Nf5 31. Nxf5 exf5 32. Rd5 c4 33. bxc4 Rxc4 34.
Rb5 f4 35. Kg2 fxg3 36. Kxg3 Kf7 37. f4 Kf6 38. Kg4 Rd4 39. b3 Ke6 40. Rb8 Kf6
41. Rb7 Ke6 42. Rxg7 Rd3 43. Rg6+ Kf7 44. Rxh6 Rxb3 45. Rb6 Rb1 46. Kf5 b3 47.
Rb7+ Kg8 48. Kf6 b2 49. Rb8+ Kh7 50. f5 Rh1 51. Rxb2 Rxh5 52. Rb7+ Kh6 53. Rb8
Kh7 54. Ke6 Rh1 55. f6 Re1+ 56. Kf7 Ra1 57. Kf8 Ra7 58. f7 Kg6 59. Rb6+ Kh7 60.
Re6 Ra8+ 61. Re8 Ra7 62. Re1 Ra8+ 63. Ke7 1-0

[Event "FIDE World Rapid Team"]
[Site "Almaty KAZ"]
[Date "2024.08.04"]
[Round "10.4"]
[White "Sadvakasov, Darmen"]
[Black "Praggnanandhaa, R"]
[Result "0-1"]
[WhiteTitle "GM"]
[BlackTitle "GM"]
[WhiteElo "2629"]
[BlackElo "2749"]
[WhiteTeam "Kazchess"]
[BlackTeam "WR Chess Team"]
[WhiteFideId "13700464"]
[BlackFideId "25059530"]
[EventDate "2024.08.02"]

1. e4 e5 2. Nf3 Nc6 3. d4 exd4 4. Nxd4 Nf6 5. Nc3 Bb4 6. Nxc6 bxc6 7. Bd3 O-O 8.
O-O d5 9. exd5 cxd5 10. Bg5 Be6 11. Qf3 Be7 12. h3 h6 13. Bf4 c5 14. Rfe1 c4 15.
Bf1 Qb6 16. b3 Rad8 17. bxc4 dxc4 18. Rab1 Qa6 19. Nb5 Qxa2 20. c3 Bc5 21. Bxh6
Bd5 22. Qf5 Ne4 23. Be3 Bxe3 24. fxe3 a6 25. Ra1 Qb2 26. Rab1 Qa2 27. Ra1 Qb3
28. Reb1 Qc2 29. Nc7 Bc6 30. Qf4 Nxc3 31. Rc1 Ne2+ 32. Kf2 Nxc1+ 0-1

[Event "FIDE World Rapid Team"]
[Site "Almaty KAZ"]
[Date "2024.08.04"]
[Round "10.5"]
[White "Kosteniuk, Alexandra"]
[Black "Assaubayeva, Bibisara"]
[Result "1/2-1/2"]
[WhiteTitle "GM"]
[BlackTitle "IM"]
[WhiteElo "2488"]
[BlackElo "2470"]
[WhiteTeam "WR Chess Team"]
[BlackTeam "Kazchess"]
[WhiteFideId "4128125"]
[BlackFideId "13708694"]
[EventDate "2024.08.02"]

1. e4 e5 2. Nf3 Nc6 3. Bc4 Nf6 4. d3 h6 5. O-O d6 6. a4 g5 7. Nc3 Bg7 8. a5 O-O
9. Re1 Bg4 10. Be3 Bh5 11. Nd5 Nd7 12. h3 Nd4 13. g4 Bg6 14. Bxd4 exd4 15. a6
Rb8 16. axb7 Rxb7 17. Qd2 c6 18. Nb4 Qb6 19. c3 dxc3 20. bxc3 a5 21. Nc2 Qb2 22.
Ncd4 Qxd2 23. Nxd2 Ne5 24. Reb1 Rxb1+ 25. Rxb1 d5 26. Ba2 Nxd3 27. exd5 cxd5 28.
Bxd5 Nf4 29. Be4 Rc8 30. Bxg6 fxg6 31. Ne4 Nxh3+ 32. Kh2 Nf4 33. Rb7 Ra8 34. Nb5
a4 35. Nc7 Rf8 36. Ra7 Be5 37. Nb5 Rb8 38. Nd4 Nd5+ 39. Kg2 Nxc3 40. Nc6 Re8 41.
Nxe5 Nxe4 42. Nxg6 Nc5 43. Ne7+ Kf7 44. Nf5+ Kf6 45. Ra5 Rc8 46. Nxh6 Ke6 47.
Nf5 Rc7 48. Nd4+ Ke5 49. Nb5 Rc8 50. Nc3 Kd4 51. Nxa4 Ne6 52. Ra6 Ke5 53. Ra5+
Kf4 54. Nb6 Rh8 55. Ra4+ Ke5 56. Ra5+ Kf4 57. Ra4+ Ke5 1/2-1/2

[Event "FIDE World Rapid Team"]
[Site "Almaty KAZ"]
[Date "2024.08.04"]
[Round "10.8"]
[White "Maghsoodloo, Parham"]
[Black "Urazayev, Arystanbek"]
[Result "1-0"]
[WhiteTitle "GM"]
[BlackTitle "IM"]
[WhiteElo "2723"]
[BlackElo "2466"]
[WhiteTeam "Al-Ain ACMG UAE"]
[BlackTeam "Astana-1"]
[WhiteFideId "12539929"]
[BlackFideId "13709810"]
[EventDate "2024.08.02"]

1. c4 e6 2. Nc3 d5 3. d4 Nf6 4. cxd5 exd5 5. Bg5 c6 6. e3 Bd6 7. Bd3 O-O 8. Nf3
Re8 9. Qc2 h6 10. Bh4 Be6 11. O-O Nbd7 12. Rab1 a5 13. a3 Qb8 14. Bg3 Bxg3 15.
hxg3 Qd6 16. Na4 Ne4 17. b4 axb4 18. axb4 Bg4 19. Nh2 Bh5 20. Nc5 Ndxc5 21. bxc5
Qc7 22. Rb3 f5 23. Rfb1 Ra7 24. Nf3 Rea8 25. Ne5 Ra1 26. g4 fxg4 27. Bxe4 dxe4
28. Qxe4 Bf7 29. Rxa1 Rxa1+ 30. Rb1 Bd5 31. Qf5 Rxb1+ 32. Qxb1 g3 33. fxg3 Qa5
34. Ng6 Qd2 35. Ne7+ Kh8 36. Nxd5 cxd5 37. Qb3 g5 38. Kh2 Qe2 39. Qxd5 Qxe3 40.
Qxb7 Qxd4 41. c6 Qg4 42. Qf7 h5 43. Qe8+ Kg7 44. Qd7+ 1-0

[Event "FIDE World Rapid Team"]
[Site "Almaty KAZ"]
[Date "2024.08.04"]
[Round "10.9"]
[White "Zhalmakhanov, Ramazan"]
[Black "Artemiev, Vladislav"]
[Result "0-1"]
[WhiteTitle "IM"]
[BlackTitle "GM"]
[WhiteElo "2497"]
[BlackElo "2699"]
[WhiteTeam "Astana-1"]
[BlackTeam "Al-Ain ACMG UAE"]
[WhiteFideId "13706357"]
[BlackFideId "24101605"]
[EventDate "2024.08.02"]

1. e4 e5 2. Nf3 Nc6 3. Bb5 a6 4. Ba4 d6 5. O-O Bd7 6. c3 g6 7. d4 Bg7 8. Re1
Nge7 9. h3 O-O 10. dxe5 dxe5 11. Be3 Kh8 12. Nbd2 b6 13. Nf1 Qe8 14. Qd2 Rd8 15.
Qe2 f5 16. Bg5 f4 17. Qxa6 Ra8 18. Qc4 Nc8 19. Rad1 Nd6 20. Rxd6 cxd6 21. Rd1
Nd4 22. cxd4 Bxa4 23. dxe5 Bxd1 0-1

[Event "FIDE World Rapid Team"]
[Site "Almaty KAZ"]
[Date "2024.08.04"]
[Round "10.10"]
[White "Andreikin, Dmitry"]
[Black "Kamalidenova, Meruert"]
[Result "1-0"]
[WhiteTitle "GM"]
[BlackTitle "IM"]
[WhiteElo "2729"]
[BlackElo "2352"]
[WhiteTeam "Al-Ain ACMG UAE"]
[BlackTeam "Astana-1"]
[WhiteFideId "4158814"]
[BlackFideId "13712802"]
[EventDate "2024.08.02"]

1. d4 Nf6 2. Nf3 g6 3. Nbd2 Bg7 4. e4 d6 5. Bd3 O-O 6. O-O c5 7. c3 cxd4 8. cxd4
Nc6 9. h3 Nd7 10. Nb3 a5 11. a4 e5 12. d5 Nb4 13. Bb5 f5 14. exf5 gxf5 15. Bd2
Nf6 16. Nxa5 Nbxd5 17. Nc4 Kh8 18. Bg5 Be6 19. Ra3 Qc7 20. Bh4 Ne4 21. Ncd2 Bg8
22. Re1 Nxd2 23. Qxd2 e4 24. Nd4 Qb6 25. Nc2 Rac8 26. Ne3 Nxe3 27. Raxe3 d5 28.
Rg3 Rc7 29. Qf4 d4 30. Rxg7 Rxg7 31. Qe5 d3 32. Be7 Rf7 33. Bc5 Qg6 34. g3 Qh5
35. Qf4 Qxh3 36. Bd4 Qh5 37. Kg2 Re7 38. Bxd3 Bd5 39. Be2 e3+ 40. Bf3 Bxf3+ 41.
Qxf3 exf2 42. Qxf2 Rxe1 43. Qxe1 Qf7 44. Qe5 Kg8 45. b4 Qd7 46. Qxg7+ Qxg7 47.
Bxg7 Kxg7 48. a5 Kf7 49. b5 1-0

[Event "FIDE World Rapid Team"]
[Site "Almaty KAZ"]
[Date "2024.08.04"]
[Round "10.11"]
[White "Kostenko, Petr"]
[Black "Zhu, Jiner"]
[Result "1/2-1/2"]
[WhiteTitle "GM"]
[BlackTitle "GM"]
[WhiteElo "2338"]
[BlackElo "2479"]
[WhiteTeam "Astana-1"]
[BlackTeam "Al-Ain ACMG UAE"]
[WhiteFideId "13700669"]
[BlackFideId "8608059"]
[EventDate "2024.08.02"]

1. c4 Nf6 2. Nc3 e5 3. Nf3 Nc6 4. e3 d5 5. cxd5 Nxd5 6. Bb5 Nxc3 7. bxc3 Bd6 8.
O-O O-O 9. d4 Qf6 10. Bxc6 bxc6 11. dxe5 Bxe5 12. Nxe5 Qxe5 13. Qd4 Qa5 14. Qb4
Qb5 15. Ba3 Re8 16. Rfd1 Be6 17. Qf4 Qa5 18. Bb4 Qb6 19. Qg5 h6 20. Qc5 a5 21.
Ba3 a4 22. Bb4 Rab8 23. Rd4 Qa6 24. c4 Qb6 25. a3 Qxc5 26. Bxc5 Red8 27. Rc1
Rxd4 28. Bxd4 Rb3 29. Bc5 Bxc4 30. f3 Bb5 31. e4 Rd3 32. h4 h5 33. Rc2 f6 34.
Kf2 Kf7 35. Bb4 Rb3 36. Kg3 g6 37. Kf4 Rd3 38. Rd2 Rxd2 39. Bxd2 Ke6 1/2-1/2

[Event "FIDE World Rapid Team"]
[Site "Almaty KAZ"]
[Date "2024.08.04"]
[Round "10.12"]
[White "Galymzhanuly, Ibragim"]
[Black "Naimanov, Rinat"]
[Result "1-0"]
[WhiteElo "1929"]
[BlackElo "1749"]
[WhiteTeam "Al-Ain ACMG UAE"]
[BlackTeam "Astana-1"]
[WhiteFideId "13727915"]
[BlackFideId "13785109"]
[EventDate "2024.08.02"]

1. d4 Nf6 2. c4 e6 3. Nf3 c5 4. d5 b5 5. dxe6 fxe6 6. cxb5 a6 7. bxa6 d5 8. g3
Nc6 9. Bg2 Bd6 10. O-O O-O 11. Nc3 Bxa6 12. Re1 Nb4 13. a3 Bb7 14. Bg5 Na6 15.
e4 Be7 16. Qb3 Ra7 17. Rad1 c4 18. Qb5 Qa8 19. exd5 exd5 20. Rxe7 1-0

[Event "FIDE World Rapid Team"]
[Site "Almaty KAZ"]
[Date "2024.08.04"]
[Round "10.13"]
[White "Sindarov, Javokhir"]
[Black "Ding, Liren"]
[Result "0-1"]
[WhiteTitle "GM"]
[BlackTitle "GM"]
[WhiteElo "2674"]
[BlackElo "2745"]
[WhiteTeam "Royal Chess"]
[BlackTeam "Decade China Team"]
[WhiteFideId "14205483"]
[BlackFideId "8603677"]
[EventDate "2024.08.02"]

1. e4 e5 2. Nf3 Nc6 3. Bc4 Nf6 4. d3 Bc5 5. a3 d6 6. h3 O-O 7. Nc3 a6 8. Bg5 Be6
9. Nd5 Bxd5 10. Bxd5 h6 11. Bh4 g5 12. Bxc6 bxc6 13. Bg3 Nh5 14. c3 f5 15. exf5
Qf6 16. Qa4 Qxf5 17. O-O-O Nf4 18. Bxf4 Qxf4+ 19. Qxf4 Rxf4 20. d4 exd4 21. cxd4
Bb6 22. Rhe1 Raf8 23. Re6 Kg7 24. Rd3 c5 25. dxc5 Bxc5 26. Rd2 R8f6 27. Re7+ Rf7
28. Rxf7+ Kxf7 29. Kd1 a5 30. Ke2 Ke6 31. g3 Rf8 32. Nd4+ Bxd4 33. Rxd4 c5 34.
Rd2 d5 35. Ke3 Rb8 36. Kd3 Rb3+ 37. Kc2 Rf3 38. Re2+ Kd6 39. Kc1 d4 40. Re8 Rxf2
41. Rh8 Kd5 42. Rxh6 Kc4 43. h4 Kd3 44. Kb1 g4 45. Rg6 c4 46. h5 Rh2 47. h6 a4
48. Ka1 c3 49. bxc3 dxc3 50. Rd6+ Kc2 51. Ka2 Kc1+ 52. Ka1 c2 53. Ka2 Rh3 54.
Rf6 Rxg3 55. Rf1+ Kd2 56. Rf2+ Kc3 0-1